000
00274nam a22001097a 4500
082
_a
515.63 SMI'P
100
_a
SMITH, MATHEW S
_9
57446
245
_a
PRINCIPLES AND APPLICATIONS OF TENSORS ANALYSIS
260
_a
NEWYORK
_b
HOWARD W.SAMS
_c
1963
300
_a
128P
942
_c
BK
999
_c
567726
_d
567726